000 00374nam a2200145Ia 4500
008 230917s9999||||xx |||||||||||||| ||und||
040 _e133160
_aMAIN
041 _aEnglish
082 _a647.94068 H326F
100 _aHayes, David K
245 0 _aFoundations of lodging management
260 _aNew Jersey
_bPearson Prentice-Hall
_c2006
300 _a510 p.
942 _cBK
999 _c152903
_d152903